| 000 | 00888nam a2200217 4500 | ||
|---|---|---|---|
| 001 | 114201 | ||
| 003 | ES-MaACL | ||
| 005 | 20231209062945.0 | ||
| 007 | t| | ||
| 008 | 061121s1945 sp r ||||1| spa d | ||
| 100 | 1 |
_aPalacio Atard, Vicente, _d1920-2013 _988374 |
|
| 245 | 1 | 3 |
_aEl Tercer Pacto de Familia / _cVicente Palacio Atard ; prólogo de Vicente Rodríguez Casado. |
| 260 |
_aMadrid : _bConsejo Superior de Investigaciones Científicas, _c1945. |
||
| 300 |
_aXVII, 337 p. lám. I-VIII ; _c22 cm. |
||
| 500 | _aPublicaciones de la Escuela de Estudios Hispano-Americanos de la Universidad de Sevilla. Nº. XVII. | ||
| 700 | 1 |
_aRodríguez Casado, Vicente, _d1918-1990 _998411 |
|
| 710 | 2 |
_aConsejo Superior de Investigaciones Científicas (España) _93236 |
|
| 852 |
_aES-MaACL _jB-10627 _bR.22202 |
||
| 852 |
_aES-MaACL _jB-10470 _bR.22154 |
||
| 999 |
_c114201 _d114201 |
||